00836nam a22002417a 45000010005000000030006000050050017000110080041000280200018000690400029000870500015001160820011001311000026001422450078001682600041002463000039002875050007003265200161003335210027004945210018005216500023005397000032005629266FISKH20251208161111.0251208b cb ||||| |||| 00| 0 eng d a9780862032036 aFISKHbengcFISKHdFISKH aPZ7.H855 N a813.54 aHuddy, Delia eAuthor aThe nearly terrible birthday /cDelia Huddy ; Illustrated by Kate Rogers  aLondon :bJulia MacRae Books ,c1984 a47 pages :billustrations ;c21 cm aJ  a"Wednesday's child is full of woe" says the birthday rhyme and Minty is sure that is why, on the day before her eighth birthday, something dreadful happens.8 a450 bLexile estimate 8 aJ bRaz-Plus  aBirthdayvTerrible aRogers, Kate eIllustrator